| 000 | 00565nam a2200205Ia 4500 | ||
|---|---|---|---|
| 003 | 0100 | ||
| 005 | 20160224141657.0 | ||
| 008 | 130307s9999 xx 000 0 und d | ||
| 040 | _cARRUPELIB | ||
| 050 | _aB809.8.L413 1967 | ||
| 100 |
_aLenin, Vladimir IlÂșich _922440 |
||
| 245 | _aMaterialism and empirio-criticism | ||
| 245 | _bcritical comments on a reactionary philosophy | ||
| 260 | _aMoscow | ||
| 260 | _bProgress Publishers | ||
| 260 | _c1967 | ||
| 300 | _a397 p. port. 21 cm | ||
| 650 |
_aDialectical materialism _918201 |
||
| 942 |
_2lcc _cMONOGRAPH |
||
| 999 |
_c93839 _d93839 |
||